000 00354 a2200169 4500
001 174522
020 _a85-08-03996-4
040 _cMagnum
100 _aFrança, Mary
240 1 0 _aAlfabeto dos pingos
_lpor
245 1 0 _aAlfabeto dos pingos
300 _a48
362 0 _a1996
440 1 _aÁtica
697 _aLITERATURA INFANTIL
942 _cBK
999 _c174522
_d174522